000 00283nam a2200121Ia 4500
008 240731s9999 xx 000 0 und d
022 _a2376-3965
245 0 _aDe Ratione
260 _bRoutledge
856 _uhttps://www.tandfonline.com/loi/rsar19
942 _2ddc
942 _cTFEJ
999 _c76218
_d76218
945 _a1
_bMadushi Gamage
_c1
_dMadushi Gamage